| 000 | 00437nam a22001817a 4500 | ||
|---|---|---|---|
| 003 | OSt | ||
| 005 | 20180116183007.0 | ||
| 008 | 150810b xxu||||| |||| 00| 0 eng d | ||
| 020 | _a978812033317 | ||
| 040 | _c0 | ||
| 082 | _a658.45 SEN 2015 | ||
| 100 | _aLeena Sen | ||
| 245 |
_aCommunication Skills _cLeena Sen |
||
| 260 |
_aIndia _bPHI Learning _c2015 |
||
| 300 |
_a277p. _bPB |
||
| 440 | _aCommunication Skills | ||
| 942 |
_2ddc _cBK |
||
| 999 |
_c350123 _d350123 |
||